Geography Quiz

Random Geography or City Quiz

Cities in Næstved Municipality Quiz Stats

 Plays Quiz not verified by Sporcle

Score 0/23 Timer 05:00
0 Plays Today
Rank Cities % Correct
1.Næstved
100%
2.Fensmark
81.8%
5.Mogenstrup
81.8%
6.Karrebæksminde
81.8%
9.Herlufmagle
81.8%
21.Menstrup
81.8%
8.Gelsted
63.6%
10.Holme-Olstrup
63.6%
3.Fuglebjerg
54.5%
4.Glumsø
54.5%
11.Toksværd
54.5%
12.Sandved
54.5%
Rank Cities % Correct
13.Lov
54.5%
7.Tappernøje
45.5%
14.Rønnebæk
45.5%
16.Tybjerglille Bakker
36.4%
17.Tornemark
36.4%
20.Enø By
36.4%
22.Vallensved
36.4%
18.Skelby
27.3%
23.Skraverup
27.3%
15.Hyllinge
18.2%
19.Everdrup
9.1%

You're not logged in!

Compare scores with friends on all Sporcle quizzes.
OR
Log In

You Might Also Like...

Show Comments

Extras

Top Quizzes Today


Score Distribution

Your Account Isn't Verified!

In order to create a playlist on Sporcle, you need to verify the email address you used during registration. Go to your Sporcle Settings to finish the process.

Report this User

Report this user for behavior that violates our Community Guidelines.

Details: